[Event "DEM U18 2025"]
[Site "Willingen GER"]
[Date "2025.06.08"]
[Round "1"]
[White "Fuhrmann, Bahne"]
[Black "Schwarz, David"]
[Result "1-0"]
[Termination "normal"]
[Board "7"]
[WhiteTitle "FM"]
[WhiteElo "2256"]
[BlackElo "2137"]
[WhiteClock "00:49:55"]
[BlackClock "00:56:53"]
[PlyCount "37"]
[WhiteFideId "16244842"]
[BlackFideId "16287614"]
[EventCountry "GER"]
[EventRounds "9"]
[EventType "swiss"]
[EventDate "2025.06.07"]

1. d4 {[%clk 01:30:57]} {[%emt 00:00:02]} e6 {[%clk 01:30:56]} {[%emt
00:00:06]} 2. g3 {[%clk 01:31:20]} {[%emt 00:00:07]} Nf6 {[%clk 01:30:56]}
{[%emt 00:00:30]} 3. Bg2 {[%clk 01:31:40]} {[%emt 00:00:09]} c5 {[%clk
01:31:23]} {[%emt 00:00:04]} 4. Nf3 {[%clk 01:31:59]} {[%emt 00:00:11]} b5
{[%clk 01:31:49]} {[%emt 00:00:03]} 5. O-O {[%clk 01:22:48]} {[%emt 00:09:41]}
Bb7 {[%clk 01:30:58]} {[%emt 00:01:22]} 6. a4 {[%clk 01:21:28]} {[%emt
00:01:50]} b4 {[%clk 01:27:50]} {[%emt 00:03:37]} 7. dxc5 {[%clk 01:13:18]}
{[%emt 00:08:40]} Bxc5 {[%clk 01:25:52]} {[%emt 00:02:29]} 8. Nbd2 {[%clk
01:13:43]} {[%emt 00:00:05]} a5 {[%clk 01:24:09]} {[%emt 00:02:13]} 9. Nb3
{[%clk 01:11:32]} {[%emt 00:02:41]} Bb6 {[%clk 01:24:23]} {[%emt 00:00:16]} 10.
Bf4 {[%clk 01:10:29]} {[%emt 00:01:32]} d5 {[%clk 01:22:59]} {[%emt 00:01:54]}
11. Nbd4 {[%clk 01:07:27]} {[%emt 00:03:32]} O-O {[%clk 01:19:17]} {[%emt
00:04:12]} 12. c3 {[%clk 01:04:32]} {[%emt 00:03:25]} bxc3 {[%clk 01:13:06]}
{[%emt 00:06:43]} 13. bxc3 {[%clk 01:02:58]} {[%emt 00:02:03]} Ne4 {[%clk
01:13:30]} {[%emt 00:00:04]} 14. Qb3 {[%clk 01:01:20]} {[%emt 00:02:10]} g5
{[%clk 01:09:12]} {[%emt 00:04:47]} 15. Nxg5 {[%clk 00:53:49]} {[%emt
00:08:01]} Nc5 {[%clk 01:00:59]} {[%emt 00:08:43]} 16. Qc2 {[%clk 00:51:40]}
{[%emt 00:02:40]} Ne4 {[%clk 00:58:14]} {[%emt 00:03:14]} 17. Nxe4 {[%clk
00:51:45]} {[%emt 00:00:25]} dxe4 {[%clk 00:58:32]} {[%emt 00:00:13]} 18. Bh6
{[%clk 00:50:37]} {[%emt 00:01:37]} Bxd4 {[%clk 00:56:53]} {[%emt 00:02:10]}
19. cxd4 {[%clk 00:49:55]} {[%emt 00:01:11]} 1-0

[Event "DEM U18 2025"]
[Site "Willingen GER"]
[Date "2025.06.08"]
[Round "1"]
[White "Deschler, Arne"]
[Black "Guo, Philipp Ziming"]
[Result "0-1"]
[Termination "normal"]
[Board "8"]
[WhiteElo "2055"]
[BlackElo "2219"]
[WhiteClock "00:00:31"]
[BlackClock "00:01:00"]
[PlyCount "66"]
[WhiteFideId "16274415"]
[BlackFideId "16245199"]
[EventCountry "GER"]
[EventRounds "9"]
[EventType "swiss"]
[EventDate "2025.06.07"]

1. e4 {[%clk 01:30:58]} {[%emt 00:00:01]} c5 {[%clk 01:30:50]} {[%emt
00:00:09]} 2. Nf3 {[%clk 01:31:26]} {[%emt 00:00:03]} d6 {[%clk 01:31:11]}
{[%emt 00:00:09]} 3. d4 {[%clk 01:31:53]} {[%emt 00:00:03]} cxd4 {[%clk
01:31:35]} {[%emt 00:00:06]} 4. Nxd4 {[%clk 01:32:21]} {[%emt 00:00:02]} Nf6
{[%clk 01:31:51]} {[%emt 00:00:14]} 5. Nc3 {[%clk 01:32:46]} {[%emt 00:00:04]}
a6 {[%clk 01:32:15]} {[%emt 00:00:07]} 6. Be3 {[%clk 01:33:02]} {[%emt
00:00:14]} e5 {[%clk 01:32:19]} {[%emt 00:00:25]} 7. Nb3 {[%clk 01:33:28]}
{[%emt 00:00:04]} Be7 {[%clk 01:32:42]} {[%emt 00:00:07]} 8. h3 {[%clk
01:33:38]} {[%emt 00:00:17]} h6 {[%clk 01:31:32]} {[%emt 00:01:43]} 9. Qf3
{[%clk 01:27:47]} {[%emt 00:06:22]} b5 {[%clk 01:31:20]} {[%emt 00:00:41]} 10.
O-O-O {[%clk 01:24:17]} {[%emt 00:04:00]} Nbd7 {[%clk 01:20:28]} {[%emt
00:11:23]} 11. g4 {[%clk 01:17:44]} {[%emt 00:07:04]} b4 {[%clk 01:00:00]}
{[%emt 00:20:57]} 12. Nd5 {[%clk 01:08:36]} {[%emt 00:09:39]} Nxd5 {[%clk
01:00:17]} {[%emt 00:00:11]} 13. exd5 {[%clk 01:08:28]} {[%emt 00:00:38]} O-O
{[%clk 00:53:40]} {[%emt 00:07:06]} 14. Bd3 {[%clk 01:04:53]} {[%emt 00:04:06]}
a5 {[%clk 00:49:31]} {[%emt 00:04:37]} 15. h4 {[%clk 00:50:38]} {[%emt
00:14:47]} Bxh4 {[%clk 00:36:43]} {[%emt 00:13:17]} 16. Rdg1 {[%clk 00:36:12]}
{[%emt 00:14:56]} Bg5 {[%clk 00:25:28]} {[%emt 00:11:45]} 17. Rh5 {[%clk
00:29:10]} {[%emt 00:07:32]} g6 {[%clk 00:14:47]} {[%emt 00:11:11]} 18. Bxg5
{[%clk 00:27:54]} {[%emt 00:01:47]} hxg5 {[%clk 00:15:12]} {[%emt 00:00:05]}
19. Qh3 {[%clk 00:13:37]} {[%emt 00:14:46]} gxh5 {[%clk 00:13:53]} {[%emt
00:01:50]} 20. Qxh5 {[%clk 00:13:50]} {[%emt 00:00:16]} Kg7 {[%clk 00:14:17]}
{[%emt 00:00:05]} 21. Qh7+ {[%clk 00:11:18]} {[%emt 00:03:03]} Kf6 {[%clk
00:14:43]} {[%emt 00:00:04]} 22. f4 {[%clk 00:05:08]} {[%emt 00:06:40]} Ke7
{[%clk 00:11:07]} {[%emt 00:04:06]} 23. Nd4 {[%clk 00:04:38]} {[%emt 00:01:01]}
exd4 {[%clk 00:02:26]} {[%emt 00:09:11]} 24. Re1+ {[%clk 00:04:28]} {[%emt
00:00:39]} Ne5 {[%clk 00:02:53]} {[%emt 00:00:04]} 25. fxe5 {[%clk 00:04:46]}
{[%emt 00:00:13]} dxe5 {[%clk 00:01:52]} {[%emt 00:01:31]} 26. Rxe5+ {[%clk
00:05:00]} {[%emt 00:00:16]} Kd7 {[%clk 00:00:49]} {[%emt 00:01:32]} 27. Bb5+
{[%clk 00:03:45]} {[%emt 00:01:45]} Kc7 {[%clk 00:01:08]} {[%emt 00:00:12]} 28.
Qe4 {[%clk 00:02:42]} {[%emt 00:01:31]} Qd6 {[%clk 00:00:47]} {[%emt 00:00:52]}
29. Bc6 {[%clk 00:01:56]} {[%emt 00:01:16]} Ra6 {[%clk 00:00:38]} {[%emt
00:00:40]} 30. Re7+ {[%clk 00:01:02]} {[%emt 00:01:24]} Kb8 {[%clk 00:00:45]}
{[%emt 00:00:22]} 31. Qe2 {[%clk 00:00:55]} {[%emt 00:00:38]} Rb6 {[%clk
00:00:38]} {[%emt 00:00:38]} 32. c4 {[%clk 00:00:35]} {[%emt 00:00:49]} bxc3
{[%clk 00:00:44]} {[%emt 00:00:25]} 33. bxc3 {[%clk 00:00:31]} {[%emt
00:00:34]} Qa3+ {[%clk 00:01:00]} {[%emt 00:00:12]} 0-1

[Event "DEM U18 2025"]
[Site "Willingen GER"]
[Date "2025.06.08"]
[Round "1"]
[White "Strehse, Nelson"]
[Black "Sieber, Bert"]
[Result "1-0"]
[Termination "normal"]
[Board "9"]
[WhiteElo "2168"]
[BlackElo "1996"]
[WhiteClock "00:27:01"]
[BlackClock "00:06:12"]
[PlyCount "73"]
[WhiteFideId "16228898"]
[BlackFideId "16265971"]
[EventCountry "GER"]
[EventRounds "9"]
[EventType "swiss"]
[EventDate "2025.06.07"]

1. d4 {[%clk 01:30:38]} {[%emt 00:00:20]} d5 {[%clk 01:30:55]} {[%emt
00:00:06]} 2. c4 {[%clk 01:31:02]} {[%emt 00:00:05]} e6 {[%clk 01:31:20]}
{[%emt 00:00:05]} 3. Nc3 {[%clk 01:31:27]} {[%emt 00:00:05]} h6 {[%clk
01:31:39]} {[%emt 00:00:12]} 4. Nf3 {[%clk 01:29:43]} {[%emt 00:02:12]} Nf6
{[%clk 01:32:03]} {[%emt 00:00:07]} 5. Bf4 {[%clk 01:29:43]} {[%emt 00:00:30]}
Bd6 {[%clk 01:32:29]} {[%emt 00:00:06]} 6. Bxd6 {[%clk 01:29:57]} {[%emt
00:00:15]} Qxd6 {[%clk 01:32:54]} {[%emt 00:00:05]} 7. e3 {[%clk 01:29:46]}
{[%emt 00:00:41]} O-O {[%clk 01:33:15]} {[%emt 00:00:09]} 8. cxd5 {[%clk
01:27:38]} {[%emt 00:02:37]} exd5 {[%clk 01:33:10]} {[%emt 00:00:35]} 9. Bd3
{[%clk 01:27:59]} {[%emt 00:00:09]} Nbd7 {[%clk 01:23:12]} {[%emt 00:10:28]}
10. O-O {[%clk 01:28:09]} {[%emt 00:00:20]} c6 {[%clk 01:23:16]} {[%emt
00:00:26]} 11. Qc2 {[%clk 01:26:27]} {[%emt 00:02:12]} Re8 {[%clk 01:20:34]}
{[%emt 00:03:12]} 12. a3 {[%clk 01:25:09]} {[%emt 00:01:49]} Nf8 {[%clk
01:14:42]} {[%emt 00:06:21]} 13. b4 {[%clk 01:24:06]} {[%emt 00:01:33]} a6
{[%clk 01:14:54]} {[%emt 00:00:19]} 14. Rab1 {[%clk 01:22:43]} {[%emt
00:01:52]} Ne6 {[%clk 01:12:55]} {[%emt 00:02:29]} 15. Na4 {[%clk 01:20:20]}
{[%emt 00:02:52]} Ng5 {[%clk 01:10:49]} {[%emt 00:02:37]} 16. Ne5 {[%clk
01:16:34]} {[%emt 00:04:16]} Ng4 {[%clk 00:42:48]} {[%emt 00:28:31]} 17. Nb6
{[%clk 00:59:40]} {[%emt 00:17:24]} Rxe5 {[%clk 00:41:33]} {[%emt 00:01:45]}
18. dxe5 {[%clk 00:34:05]} {[%emt 00:26:05]} Qxe5 {[%clk 00:41:33]} {[%emt
00:00:30]} 19. g3 {[%clk 00:34:23]} {[%emt 00:00:11]} Nxe3 {[%clk 00:18:32]}
{[%emt 00:23:32]} 20. Qe2 {[%clk 00:32:25]} {[%emt 00:02:28]} Bg4 {[%clk
00:13:59]} {[%emt 00:05:03]} 21. Qxe3 {[%clk 00:32:17]} {[%emt 00:00:38]} Nh3+
{[%clk 00:11:36]} {[%emt 00:02:53]} 22. Kg2 {[%clk 00:32:17]} {[%emt 00:00:29]}
Ng5 {[%clk 00:11:37]} {[%emt 00:00:30]} 23. h4 {[%clk 00:31:19]} {[%emt
00:01:26]} Bh3+ {[%clk 00:11:19]} {[%emt 00:00:50]} 24. Kh2 {[%clk 00:31:29]}
{[%emt 00:00:17]} Bxf1 {[%clk 00:10:39]} {[%emt 00:01:13]} 25. Rxf1 {[%clk
00:30:31]} {[%emt 00:01:27]} Qxe3 {[%clk 00:10:26]} {[%emt 00:00:44]} 26. fxe3
{[%clk 00:30:59]} {[%emt 00:00:01]} Re8 {[%clk 00:10:48]} {[%emt 00:00:09]} 27.
hxg5 {[%clk 00:31:22]} {[%emt 00:00:07]} Rxe3 {[%emt 00:00:14]} 28. Rd1 {[%emt
00:00:12]} hxg5 {[%clk 00:11:18]} {[%emt 00:00:16]} 29. Kg2 {[%clk 00:32:00]}
{[%emt 00:00:10]} g4 {[%clk 00:10:52]} {[%emt 00:00:56]} 30. Na4 {[%clk
00:31:25]} {[%emt 00:01:05]} f5 {[%clk 00:08:50]} {[%emt 00:02:32]} 31. Bxf5
{[%clk 00:30:10]} {[%emt 00:01:45]} Rxa3 {[%clk 00:09:03]} {[%emt 00:00:17]}
32. Nc5 {[%clk 00:29:01]} {[%emt 00:01:38]} b6 {[%clk 00:09:04]} {[%emt
00:00:30]} 33. Nd7 {[%clk 00:27:59]} {[%emt 00:01:31]} Ra2+ {[%clk 00:08:35]}
{[%emt 00:00:59]} 34. Kg1 {[%clk 00:27:50]} {[%emt 00:00:37]} a5 {[%clk
00:08:34]} {[%emt 00:00:34]} 35. Bg6 {[%clk 00:28:04]} {[%emt 00:00:16]} axb4
{[%clk 00:08:27]} {[%emt 00:00:37]} 36. Nxb6 {[%clk 00:26:46]} {[%emt
00:01:47]} Kf8 {[%clk 00:06:12]} {[%emt 00:02:46]} 37. Re1 {[%clk 00:27:01]}
{[%emt 00:00:15]} 1-0

[Event "DEM U18 2025"]
[Site "Willingen GER"]
[Date "2025.06.08"]
[Round "1"]
[White "Müller, Maximilian"]
[Black "Semling, Julius"]
[Result "1/2-1/2"]
[Termination "normal"]
[Board "10"]
[WhiteElo "2018"]
[BlackElo "2199"]
[WhiteClock "00:01:57"]
[BlackClock "00:00:47"]
[PlyCount "74"]
[WhiteFideId "16243552"]
[BlackFideId "16290160"]
[EventCountry "GER"]
[EventRounds "9"]
[EventType "swiss"]
[EventDate "2025.06.07"]

1. e4 {[%clk 01:30:57]} {[%emt 00:00:03]} c5 {[%clk 01:30:55]} {[%emt
00:00:05]} 2. Nf3 {[%clk 01:31:23]} {[%emt 00:00:04]} d6 {[%clk 01:31:16]}
{[%emt 00:00:09]} 3. Bb5+ {[%clk 01:31:48]} {[%emt 00:00:05]} Nd7 {[%clk
01:31:34]} {[%emt 00:00:12]} 4. Ba4 {[%clk 01:32:14]} {[%emt 00:00:04]} Ngf6
{[%clk 01:29:15]} {[%emt 00:02:50]} 5. O-O {[%clk 01:32:37]} {[%emt 00:00:06]}
e6 {[%clk 01:27:05]} {[%emt 00:02:40]} 6. Re1 {[%clk 01:32:06]} {[%emt
00:01:01]} Be7 {[%clk 01:24:47]} {[%emt 00:02:48]} 7. c3 {[%clk 01:31:58]}
{[%emt 00:00:38]} a6 {[%clk 01:19:12]} {[%emt 00:06:05]} 8. d4 {[%clk
01:32:19]} {[%emt 00:00:10]} b5 {[%clk 01:15:30]} {[%emt 00:04:11]} 9. Bc2
{[%clk 01:31:30]} {[%emt 00:01:19]} Bb7 {[%clk 01:13:15]} {[%emt 00:02:46]} 10.
Nbd2 {[%clk 01:25:34]} {[%emt 00:06:25]} Qc7 {[%clk 01:05:14]} {[%emt
00:08:31]} 11. Nf1 {[%clk 01:20:57]} {[%emt 00:05:07]} h6 {[%clk 01:00:19]}
{[%emt 00:05:25]} 12. Ng3 {[%clk 01:12:10]} {[%emt 00:09:18]} Rc8 {[%clk
00:56:36]} {[%emt 00:04:12]} 13. Bd3 {[%clk 01:02:46]} {[%emt 00:09:54]} O-O
{[%clk 00:50:29]} {[%emt 00:06:36]} 14. Qe2 {[%clk 00:50:25]} {[%emt 00:12:52]}
Nb6 {[%clk 00:38:30]} {[%emt 00:12:29]} 15. Bf4 {[%clk 00:36:29]} {[%emt
00:14:26]} Rfd8 {[%clk 00:32:52]} {[%emt 00:06:08]} 16. Rac1 {[%clk 00:29:13]}
{[%emt 00:07:46]} Qc6 {[%clk 00:22:12]} {[%emt 00:11:10]} 17. Bb1 {[%clk
00:24:36]} {[%emt 00:05:07]} Bf8 {[%clk 00:16:55]} {[%emt 00:05:47]} 18. e5
{[%clk 00:17:12]} {[%emt 00:07:54]} dxe5 {[%clk 00:15:39]} {[%emt 00:01:45]}
19. dxe5 {[%clk 00:17:36]} {[%emt 00:00:07]} Nbd5 {[%clk 00:09:49]} {[%emt
00:06:21]} 20. Bxh6 {[%clk 00:15:35]} {[%emt 00:02:30]} gxh6 {[%clk 00:09:23]}
{[%emt 00:00:56]} 21. exf6 {[%clk 00:15:58]} {[%emt 00:00:06]} Nxf6 {[%clk
00:08:44]} {[%emt 00:01:09]} 22. Ne4 {[%clk 00:06:31]} {[%emt 00:09:57]} Nxe4
{[%clk 00:06:54]} {[%emt 00:02:21]} 23. Bxe4 {[%clk 00:06:59]} {[%emt
00:00:02]} Qxe4 {[%clk 00:07:14]} {[%emt 00:00:10]} 24. Qxe4 {[%clk 00:07:21]}
{[%emt 00:00:08]} Bxe4 {[%clk 00:07:43]} {[%emt 00:00:01]} 25. Rxe4 {[%clk
00:07:42]} {[%emt 00:00:08]} Bg7 {[%clk 00:08:02]} {[%emt 00:00:11]} 26. a4
{[%clk 00:03:54]} {[%emt 00:04:19]} Rb8 {[%clk 00:06:19]} {[%emt 00:02:13]} 27.
h3 {[%clk 00:02:51]} {[%emt 00:01:32]} Rd6 {[%clk 00:02:12]} {[%emt 00:04:38]}
28. axb5 {[%clk 00:01:44]} {[%emt 00:01:38]} axb5 {[%clk 00:02:33]} {[%emt
00:00:08]} 29. Ra1 {[%clk 00:00:56]} {[%emt 00:01:18]} b4 {[%clk 00:02:05]}
{[%emt 00:00:58]} 30. cxb4 {[%clk 00:00:46]} {[%emt 00:00:41]} Rxb4 {[%clk
00:00:46]} {[%emt 00:01:49]} 31. Ra8+ {[%clk 00:00:38]} {[%emt 00:00:38]} Bf8
{[%clk 00:00:39]} {[%emt 00:00:36]} 32. Rxb4 {[%clk 00:00:37]} {[%emt
00:00:31]} cxb4 {[%clk 00:01:08]} {[%emt 00:00:02]} 33. Kf1 {[%clk 00:00:52]}
{[%emt 00:00:15]} Kg7 {[%clk 00:01:03]} {[%emt 00:00:34]} 34. Ke2 {[%clk
00:01:17]} {[%emt 00:00:04]} Rc6 {[%clk 00:00:52]} {[%emt 00:00:42]} 35. Rd8
{[%clk 00:01:20]} {[%emt 00:00:27]} Be7 {[%clk 00:00:48]} {[%emt 00:00:33]} 36.
Rd7 {[%clk 00:01:34]} {[%emt 00:00:16]} Bf6 {[%clk 00:01:00]} {[%emt 00:00:18]}
37. b3 {[%clk 00:01:57]} {[%emt 00:00:09]} Rc3 {[%clk 00:00:47]} {[%emt
00:00:42]} 1/2-1/2

[Event "DEM U18 2025"]
[Site "Willingen GER"]
[Date "2025.06.08"]
[Round "1"]
[White "Lübke, Florentin"]
[Black "Petzold, Johannes Julius"]
[Result "1-0"]
[Termination "normal"]
[Board "11"]
[WhiteElo "2180"]
[BlackElo "1986"]
[WhiteClock "00:01:34"]
[BlackClock "00:00:54"]
[PlyCount "83"]
[WhiteFideId "16281799"]
[BlackFideId "16289455"]
[EventCountry "GER"]
[EventRounds "9"]
[EventType "swiss"]
[EventDate "2025.06.07"]

1. e4 {[%clk 01:30:56]} {[%emt 00:00:04]} c5 {[%clk 01:30:50]} {[%emt
00:00:11]} 2. Nf3 {[%clk 01:30:58]} {[%emt 00:00:27]} Nc6 {[%clk 01:31:09]}
{[%emt 00:00:12]} 3. Bb5 {[%clk 01:30:24]} {[%emt 00:01:03]} Nf6 {[%clk
01:30:29]} {[%emt 00:01:10]} 4. Bxc6 {[%clk 01:11:29]} {[%emt 00:19:26]} dxc6
{[%clk 01:30:54]} {[%emt 00:00:05]} 5. d3 {[%clk 01:11:26]} {[%emt 00:00:32]}
Bg4 {[%clk 01:31:13]} {[%emt 00:00:11]} 6. Nbd2 {[%clk 01:10:32]} {[%emt
00:01:25]} Nd7 {[%clk 01:25:51]} {[%emt 00:05:52]} 7. h3 {[%clk 01:05:59]}
{[%emt 00:05:02]} Bh5 {[%clk 01:26:15]} {[%emt 00:00:06]} 8. g4 {[%clk
01:03:39]} {[%emt 00:02:50]} Bg6 {[%clk 01:26:42]} {[%emt 00:00:04]} 9. Nh4
{[%clk 01:02:35]} {[%emt 00:01:33]} e6 {[%clk 01:19:28]} {[%emt 00:07:45]} 10.
Nxg6 {[%clk 00:56:26]} {[%emt 00:06:39]} hxg6 {[%clk 01:19:47]} {[%emt
00:00:11]} 11. b3 {[%clk 00:55:45]} {[%emt 00:01:10]} Ne5 {[%clk 01:05:25]}
{[%emt 00:14:53]} 12. Bb2 {[%clk 00:53:29]} {[%emt 00:02:46]} Bd6 {[%clk
01:05:01]} {[%emt 00:00:54]} 13. Nc4 {[%clk 00:42:52]} {[%emt 00:11:06]} Nxc4
{[%clk 01:05:08]} {[%emt 00:00:24]} 14. bxc4 {[%clk 00:41:37]} {[%emt
00:01:46]} f6 {[%clk 01:00:36]} {[%emt 00:05:02]} 15. Qf3 {[%clk 00:34:16]}
{[%emt 00:07:50]} Qa5+ {[%clk 00:55:31]} {[%emt 00:05:35]} 16. Kd1 {[%clk
00:29:35]} {[%emt 00:05:10]} O-O-O {[%clk 00:40:45]} {[%emt 00:15:18]} 17. g5
{[%clk 00:22:06]} {[%emt 00:07:58]} Be5 {[%clk 00:35:41]} {[%emt 00:05:35]} 18.
Bxe5 {[%clk 00:17:47]} {[%emt 00:04:49]} fxe5 {[%clk 00:36:06]} {[%emt
00:00:05]} 19. Qf7 {[%clk 00:16:53]} {[%emt 00:01:23]} Qc3 {[%clk 00:34:14]}
{[%emt 00:02:22]} 20. Qxe6+ {[%clk 00:17:09]} {[%emt 00:00:15]} Kb8 {[%clk
00:34:24]} {[%emt 00:00:20]} 21. Rc1 {[%clk 00:16:47]} {[%emt 00:00:50]} Rxd3+
{[%clk 00:32:18]} {[%emt 00:02:37]} 22. cxd3 {[%clk 00:17:07]} {[%emt
00:00:10]} Qxd3+ {[%clk 00:32:45]} {[%emt 00:00:05]} 23. Ke1 {[%clk 00:17:27]}
{[%emt 00:00:09]} Qxe4+ {[%clk 00:33:12]} {[%emt 00:00:03]} 24. Kd2 {[%clk
00:17:21]} {[%emt 00:00:35]} Rd8+ {[%clk 00:28:19]} {[%emt 00:05:24]} 25. Kc3
{[%clk 00:17:48]} {[%emt 00:00:03]} Rd3+ {[%clk 00:18:56]} {[%emt 00:09:52]}
26. Kb2 {[%clk 00:17:38]} {[%emt 00:00:40]} Rd2+ {[%clk 00:19:09]} {[%emt
00:00:17]} 27. Kb3 {[%clk 00:17:14]} {[%emt 00:00:54]} Qf3+ {[%clk 00:18:23]}
{[%emt 00:01:17]} 28. Rc3 {[%clk 00:16:59]} {[%emt 00:00:44]} Qxh1 {[%clk
00:18:31]} {[%emt 00:00:23]} 29. Qxe5+ {[%clk 00:11:59]} {[%emt 00:05:30]} Kc8
{[%clk 00:18:53]} {[%emt 00:00:07]} 30. Qe6+ {[%clk 00:07:20]} {[%emt
00:05:09]} Kc7 {[%clk 00:11:30]} {[%emt 00:07:54]} 31. Ka3 {[%clk 00:07:49]}
{[%emt 00:00:01]} Kb6 {[%clk 00:05:41]} {[%emt 00:06:19]} 32. Qe3 {[%clk
00:04:39]} {[%emt 00:03:39]} Qd1 {[%clk 00:02:37]} {[%emt 00:03:34]} 33. Rb3+
{[%clk 00:04:46]} {[%emt 00:00:23]} Ka6 {[%clk 00:02:29]} {[%emt 00:00:39]} 34.
Qxc5 {[%clk 00:03:34]} {[%emt 00:01:41]} Qc1+ {[%clk 00:02:03]} {[%emt
00:00:56]} 35. Kb4 {[%clk 00:04:02]} {[%emt 00:00:02]} Rxa2 {[%clk 00:02:00]}
{[%emt 00:00:33]} 36. Qe3 {[%clk 00:02:33]} {[%emt 00:01:58]} Qa1 {[%clk
00:01:25]} {[%emt 00:01:06]} 37. Kc5 {[%clk 00:02:22]} {[%emt 00:00:41]} Ra5+
{[%clk 00:01:20]} {[%emt 00:00:35]} 38. Kd6 {[%clk 00:02:46]} {[%emt 00:00:06]}
Qd1 {[%clk 00:01:06]} {[%emt 00:00:43]} 39. Kc7 {[%clk 00:03:13]} {[%emt
00:00:04]} b5 {[%clk 00:00:40]} {[%emt 00:00:57]} 40. Qc5 {[%clk 00:01:20]}
{[%emt 00:02:22]} Ra2 {[%clk 00:00:33]} {[%emt 00:00:37]} 41. cxb5+ {[%clk
00:01:16]} {[%emt 00:00:34]} Ka5 {[%clk 00:00:54]} {[%emt 00:00:10]} 42. Qxa7#
{[%clk 00:01:34]} {[%emt 00:00:11]} 1-0